| 000 | 00522 a2200193 4500 | ||
|---|---|---|---|
| 005 | 20240626123843.0 | ||
| 010 | _aB-759924 | ||
| 020 |
_a9789354713989 _c295.00 |
||
| 035 | _aB-759924 | ||
| 037 | _bGift | ||
| 082 | _aS | ||
| 100 |
_aFlintham, Thomas _967747 |
||
| 245 |
_aPress Start! Super Rabbit All- Stars!/ _cThomas Flintham |
||
| 260 |
_aNew Delhi _bScholastic Inc. _c2022 |
||
| 270 | _aNew Delhi | ||
| 300 |
_a72 p. _c19 cm(Pb) |
||
| 942 |
_adpl _cCH _2ddc _hS _mFLI |
||
| 999 |
_c203729 _d203729 |
||